[Event "España Tch-Primera Division Sur"]
[Site "Santa Cruz de Tenerife ESP"]
[Date "2006.08.24"]
[Round "3"]
[White "Diaz Sanchez, Jose Francisco"]
[Black "Cabezas Ayala, Ivan"]
[Result "0-1"]
[WhiteElo "1990"]
[BlackElo "2337"]
[PlyCount "67"]
[EventDate "2006.08.23"]
[EventType "team"]
[EventRounds "2"]
[EventCountry "ESP"]
[Source "lmi"]
[SourceDate "2006.08.23"]
[WhiteTeam "PEÑA BARCELONISTA MELILLA"]
[BlackTeam "CA. MAGIC  B"]

1. e4 e5 2. Nf3 Nc6 3. Bb5 Nf6 4. O-O Nxe4 5. Qe2 Nd6 6. Bxc6 dxc6 7. Qxe5+ Qe7
8. d3 Qxe5 9. Nxe5 f6 10. Nf3 Kf7 11. h3 g5 12. Nc3 Bd7 13. Re1 Be7 14. Nd4
Rag8 15. Ne4 b6 16. Bd2 c5 17. Ne2 Rg6 18. N2c3 Bc6 19. Nxd6+ cxd6 20. Re2 d5
21. Rae1 Bd6 22. Re6 Rd8 23. R6e2 Rgg8 24. b3 h6 25. a4 a6 26. Nd1 d4 27. Nb2
b5 28. axb5 axb5 29. Ra1 Ra8 30. Ree1 Bd5 31. Rec1 Rge8 32. Kf1 f5 33. Rxa8
Rxa8 34. f3 0-1

[Event "España Tch-Primera Division Sur"]
[Site "Santa Cruz de Tenerife ESP"]
[Date "2006.08.24"]
[Round "3"]
[White "Garcia Romero, Benjamin Abel"]
[Black "Fernandez Molina, Victor Manuel"]
[Result "1-0"]
[WhiteElo "2164"]
[BlackElo "1929"]
[PlyCount "122"]
[EventDate "2006.08.23"]
[EventType "team"]
[EventRounds "2"]
[EventCountry "ESP"]
[Source "lmi"]
[SourceDate "2006.08.23"]
[WhiteTeam "C.A. MAGIC B"]
[BlackTeam "PEÑA BARCELONISTA MELILLA"]

1. c4 e5 2. g3 Nc6 3. Bg2 g6 4. Nc3 Bg7 5. e3 Nge7 6. Nge2 d6 7. O-O O-O 8. Rb1
Be6 9. d3 Qd7 10. Nd5 Nd8 11. b4 c6 12. Nxe7+ Qxe7 13. Qc2 Qd7 14. Rd1 Bh3 15.
Bh1 Ne6 16. b5 f5 17. f4 Rfe8 18. a4 Bg4 19. Re1 g5 20. fxg5 Nxg5 21. h4 Nh3+
22. Kh2 f4 23. Bg2 f3 24. Bxh3 Bxh3 25. Ng1 Bg2 26. e4 Bf6 27. Qf2 Qg4 28. bxc6
bxc6 29. Be3 c5 30. Rb7 Kh8 31. Reb1 Rg8 32. a5 Qh5 33. Nh3 Rg4 34. Rb8+ Rxb8
35. Rxb8+ Kg7 36. Qb2 Bxh4 37. Qb7+ Qf7 38. gxh4 Rxh4 39. Qxf7+ Kxf7 40. Rb7+
Kg6 41. Rxa7 Rxh3+ 42. Kg1 Rh1+ 43. Kf2 h5 44. Rd7 h4 45. Rxd6+ Kf7 46. Bxc5
Rf1+ 47. Ke3 h3 48. Rh6 Ra1 49. d4 Ra2 50. dxe5 Kg7 51. e6 Rxa5 52. e7 Ra8 53.
Rh4 Kf7 54. Bd6 Ke6 55. c5 Re8 56. Kf2 Kd7 57. Rh6 Ra8 58. e5 Re8 59. Rh7 Ke6
60. c6 Rc8 61. Bc7 h2 1-0

[Event "España Tch-Primera Division Sur"]
[Site "Santa Cruz de Tenerife ESP"]
[Date "2006.08.24"]
[Round "3"]
[White "Garcia Gomez, Jose Manuel"]
[Black "Mateos Gomez, Juan Francisco"]
[Result "0-1"]
[WhiteElo "1820"]
[BlackElo "2105"]
[PlyCount "54"]
[EventDate "2006.08.23"]
[EventType "team"]
[EventRounds "2"]
[EventCountry "ESP"]
[Source "lmi"]
[SourceDate "2006.08.23"]
[WhiteTeam "PEÑA BARCELONISTA MELILLA"]
[BlackTeam "C.A. MAGIC - B"]

1. d4 g6 2. c4 Bg7 3. Nc3 c5 4. e3 cxd4 5. exd4 Nf6 6. g3 d5 7. c5 b6 8. b4 O-O
9. Bg2 Nc6 10. b5 Nxd4 11. c6 Bf5 12. Kf1 Ne4 13. Nxe4 dxe4 14. Bb2 Nxb5 15.
Bxg7 Kxg7 16. Qe2 Qd3 17. Rc1 Nd4 18. Qxd3 exd3 19. Nf3 Rad8 20. c7 Rd5 21. Nh4
Rc5 22. Nxf5+ gxf5 23. Rxc5 d2 24. Bf3 bxc5 25. Kg2 c4 26. Rb1 Rc8 27. Rb2 Nxf3
0-1

[Event "España Tch-Primera Division Sur"]
[Site "Santa Cruz de Tenerife ESP"]
[Date "2006.08.24"]
[Round "3"]
[White "Sanchez Marcos, Andres"]
[Black "Izuel Rios, Ramon"]
[Result "1-0"]
[WhiteElo "1894"]
[BlackElo "1610"]
[PlyCount "71"]
[EventDate "2006.08.23"]
[EventType "team"]
[EventRounds "2"]
[EventCountry "ESP"]
[Source "lmi"]
[SourceDate "2006.08.23"]
[WhiteTeam "C.A. MAGIC B"]
[BlackTeam "PEÑA BARCELONISTA MELILLA"]

1. e4 e6 2. d3 d5 3. Nd2 c5 4. Ngf3 Nc6 5. g3 Nf6 6. Bg2 g6 7. O-O Bg7 8. c3
O-O 9. e5 Nd7 10. d4 cxd4 11. cxd4 f6 12. exf6 Bxf6 13. Nb3 b6 14. Bh6 Bg7 15.
Qd2 Nf6 16. Bxg7 Kxg7 17. Ne5 Nxe5 18. dxe5 Nd7 19. f4 Nc5 20. Nd4 Bd7 21. Rac1
Rc8 22. Qe2 a5 23. Kh1 Na4 24. a3 Rxc1 25. Rxc1 Qb8 26. b3 Nc5 27. Qg4 Nd3 28.
Rf1 Qc8 29. h4 Qc1 30. Nxe6+ Bxe6 31. Qxe6 Qe3 32. Kh2 Nf2 33. Bxd5 Qe2 34.
Qe7+ Kh6 35. Qxf8+ Kh5 36. Rxf2 1-0

[Event "España Tch-Primera Division Sur"]
[Site "Santa Cruz de Tenerife ESP"]
[Date "2006.08.25"]
[Round "4"]
[White "Almagro Mazariegos, Sebastian"]
[Black "Gurevich, Mikhail"]
[Result "0-1"]
[WhiteElo "2311"]
[BlackElo "2643"]
[PlyCount "74"]
[EventDate "2006.08.23"]
[EventType "team"]
[EventRounds "2"]
[EventCountry "ESP"]
[Source "lmi"]
[SourceDate "2006.08.23"]
[WhiteTeam "C.A. TIENDAS UPI B"]
[BlackTeam "C.A. CAJA INSULAR DE AHORROS DE CANARIAS"]

1. e4 d6 2. d4 Nf6 3. Nc3 g6 4. Be2 Bg7 5. Be3 O-O 6. h3 c6 7. a4 Qa5 8. Bd3 d5
9. e5 Ne4 10. Bxe4 dxe4 11. Nge2 c5 12. dxc5 Rd8 13. Qb1 Nc6 14. O-O Nxe5 15.
b4 Qc7 16. Nb5 Qb8 17. Rd1 Rxd1+ 18. Qxd1 Bxh3 19. Bg5 Qf8 20. Nec3 Bf5 21. Qe2
Nc6 22. Qc4 h6 23. Be3 a5 24. bxa5 Nxa5 25. Qb4 Nc6 26. Qc4 Qb8 27. g3 Qe5 28.
Rd1 Be6 29. Qe2 h5 30. Rd2 h4 31. gxh4 Bf6 32. Nd4 Bxh4 33. Nxe6 Qxe6 34. Bf4
Bf6 35. Nxe4 Rxa4 36. Nxf6+ Qxf6 37. Be3 Qf5 0-1

[Event "España Tch-Primera Division Sur"]
[Site "Santa Cruz de Tenerife ESP"]
[Date "2006.08.25"]
[Round "4"]
[White "Areshchenko, Alexander"]
[Black "Sanchez Jimenez, Juan Carlos"]
[Result "1-0"]
[WhiteElo "2641"]
[BlackElo "2289"]
[PlyCount "139"]
[EventDate "2006.08.23"]
[EventType "team"]
[EventRounds "2"]
[EventCountry "ESP"]
[Source "lmi"]
[SourceDate "2006.08.23"]
[WhiteTeam "C.A. CAJA INSULAR DE AHORROS DE CANARIAS"]
[BlackTeam "C.A. TIENDAS UPI B"]

1. e4 e6 2. d4 d5 3. Nc3 Bb4 4. e5 c5 5. a3 Bxc3+ 6. bxc3 Ne7 7. Qg4 O-O 8. Bd3
Nbc6 9. Qh4 f5 10. exf6 Nf5 11. f7+ Kxf7 12. Qxd8 Rxd8 13. dxc5 e5 14. Ne2 Be6
15. Rb1 Rd7 16. f4 e4 17. Bb5 h5 18. Kf2 Rc7 19. Bxc6 bxc6 20. Be3 Bc8 21. Bd4
Ba6 22. Be5 Rb7 23. Rxb7+ Bxb7 24. Nd4 Nxd4 25. cxd4 Ba6 26. Rb1 Re8 27. a4 Re7
28. Rb8 Rb7 29. Ra8 Ke6 30. Ke3 Rb1 31. Rxa7 Re1+ 32. Kd2 Re2+ 33. Kc3 Bc4 34.
a5 e3 35. a6 Rxg2 36. f5+ Kxf5 37. Rf7+ Ke6 38. a7 e2 39. Kd2 Rg1 40. Bg3 Rd1+
41. Kc3 Ra1 42. Rxg7 Ra3+ 43. Kd2 Kf5 44. Re7 Bb5 45. Be1 Kg4 46. h3+ Kf5 47.
Rh7 Ke4 48. Re7+ Kf5 49. Bg3 Ra4 50. Bf2 Kf4 51. Rf7+ Kg5 52. c3 Kg6 53. Re7
Ra1 54. Be1 Kf6 55. Rb7 Kf5 56. Ke3 Bc4 57. Rf7+ Kg6 58. Re7 Kf6 59. Bh4+ Kf5
60. Re5+ Kg6 61. Re6+ Kf7 62. Re7+ Kg6 63. Kf4 Rf1+ 64. Ke5 e1=Q+ 65. Bxe1
Rxe1+ 66. Kd6 Ra1 67. Kxc6 Kf6 68. Rb7 Ra6+ 69. Kc7 Ke7 70. Kb8+ 1-0

[Event "España Tch-Primera Division Sur"]
[Site "Santa Cruz de Tenerife ESP"]
[Date "2006.08.25"]
[Round "4"]
[White "Ruiz Jimenez, Francisco J"]
[Black "Lezcano Jaen, Pedro"]
[Result "0-1"]
[WhiteElo "2218"]
[BlackElo "2376"]
[PlyCount "86"]
[EventDate "2006.08.23"]
[EventType "team"]
[EventRounds "2"]
[EventCountry "ESP"]
[Source "lmi"]
[SourceDate "2006.08.23"]
[WhiteTeam "C.A. TIENDAS UPI B"]
[BlackTeam "C.A. CAJA INSULAR DE AHORROS DE CANARIAS"]

1. e4 Nf6 2. e5 Nd5 3. d4 d6 4. Nf3 g6 5. Bc4 c6 6. Nc3 Nxc3 7. bxc3 Bg7 8. Bf4
O-O 9. h3 Na6 10. Qd2 Nc7 11. O-O Be6 12. Bd3 Bd5 13. exd6 exd6 14. Ng5 Qd7 15.
Ne4 Bxe4 16. Bxe4 d5 17. Bd3 Ne6 18. Rfe1 Rac8 19. a4 c5 20. Bb5 Qd8 21. Be5 a6
22. Bf1 Qa5 23. Qd3 cxd4 24. cxd4 Rc4 25. Bxg7 Kxg7 26. Qg3 Rxc2 27. Qe5+ Kg8
28. Rab1 Rc7 29. h4 Qxa4 30. Rb6 Rc6 31. Rxc6 Qxc6 32. h5 Qc7 33. Qf6 Qd8 34.
Qe5 Qc7 35. Qf6 Qf4 36. Qe7 b5 37. hxg6 hxg6 38. Re3 Qxd4 39. Bd3 Ng7 40. Rf3
Qb6 41. Rf6 Qd8 42. Qe5 Re8 43. Qg3 Qxf6 0-1

[Event "España Tch-Primera Division Sur"]
[Site "Santa Cruz de Tenerife ESP"]
[Date "2006.08.25"]
[Round "4"]
[White "Ortega Hermida, Daniel"]
[Black "Castillo Gallego, Sergio"]
[Result "1/2-1/2"]
[WhiteElo "2383"]
[BlackElo "2189"]
[PlyCount "68"]
[EventDate "2006.08.23"]
[EventType "team"]
[EventRounds "2"]
[EventCountry "ESP"]
[Source "lmi"]
[SourceDate "2006.08.23"]
[WhiteTeam "C.A. CAJA INSULAR DE AHORROS DE CANARIAS"]
[BlackTeam "C.A. TIENDAS UPI B"]

1. d4 Nf6 2. Nf3 g6 3. g3 Bg7 4. Bg2 O-O 5. O-O d6 6. c4 Nbd7 7. Nc3 e5 8. b3
Re8 9. h3 a6 10. dxe5 dxe5 11. Be3 Nh5 12. Qd2 c6 13. Rad1 e4 14. Nd4 f5 15.
Bg5 Qa5 16. g4 fxg4 17. Nxe4 Qxd2 18. Rxd2 gxh3 19. Bf3 Ndf6 20. Bxf6 Nxf6 21.
Nd6 Re7 22. Nxc8 Rxc8 23. Kh2 Rd8 24. Nxc6 Rxd2 25. Nxe7+ Kf8 26. Nc8 b5 27.
cxb5 axb5 28. a4 bxa4 29. bxa4 Nd7 30. a5 Ra2 31. Rd1 Be5+ 32. Kxh3 Nf6 33.
Rd8+ Kg7 34. Nb6 Rxa5 1/2-1/2

[Event "España Tch-Primera Division Sur"]
[Site "Santa Cruz de Tenerife ESP"]
[Date "2006.08.25"]
[Round "4"]
[White "Korneev, Oleg"]
[Black "Todorcevic, Miodrag"]
[Result "1-0"]
[WhiteElo "2638"]
[BlackElo "2459"]
[PlyCount "87"]
[EventDate "2006.08.23"]
[EventType "team"]
[EventRounds "2"]
[EventCountry "ESP"]
[Source "lmi"]
[SourceDate "2006.08.23"]
[WhiteTeam "C.C. A. CAJA GENERAL AHORROS DE CANARIAS"]
[BlackTeam "C.A. EL SAUZAL - RTE MARTINEZ"]

1. e4 e5 2. Nf3 Nc6 3. Bb5 a6 4. Ba4 Nf6 5. O-O Be7 6. Re1 b5 7. Bb3 O-O 8. c3
d5 9. d4 dxe4 10. Nxe5 Bb7 11. Nd2 Na5 12. Bc2 c5 13. Nxe4 cxd4 14. Nxf6+ Bxf6
15. cxd4 Rc8 16. Bf4 Nc4 17. Bf5 Nxb2 18. Qg4 g6 19. Bh6 Bxe5 20. dxe5 Rc4 21.
Qg3 Qh4 22. Bxf8 Qxg3 23. hxg3 Kxf8 24. Re2 Na4 25. Bc2 Nc3 26. Rd2 Ke7 27. Bb3
Rc7 28. a4 b4 29. a5 Bc8 30. Kf1 Bd7 31. Rd4 Bb5+ 32. Ke1 Rc5 33. f4 Ne2 34.
Rxb4 Nxg3 35. Ba4 Bxa4 36. Raxa4 g5 37. Rb7+ Kf8 38. Kf2 Nf5 39. g4 Rc2+ 40.
Kf3 Nh4+ 41. Ke3 gxf4+ 42. Rxf4 Ng2+ 43. Kd3 Ne1+ 44. Ke4 1-0

[Event "España Tch-Primera Division Sur"]
[Site "Santa Cruz de Tenerife ESP"]
[Date "2006.08.25"]
[Round "4"]
[White "Mendoza Contreras, Lucas Eduardo"]
[Black "Aleksandrov, Aleksej"]
[Result "0-1"]
[WhiteElo "2270"]
[BlackElo "2627"]
[PlyCount "58"]
[EventDate "2006.08.23"]
[EventType "team"]
[EventRounds "2"]
[EventCountry "ESP"]
[Source "lmi"]
[SourceDate "2006.08.23"]
[WhiteTeam "C.A. EL SAUZAL - RTE MARTINEZ"]
[BlackTeam "C.C. A. CAJA GENERAL AHORROS DE CANARIAS"]

1. d4 d5 2. c4 e6 3. Nc3 Bb4 4. e3 c5 5. a3 Bxc3+ 6. bxc3 Qc7 7. Nf3 Nf6 8. Bb2
O-O 9. cxd5 exd5 10. Ne5 c4 11. Be2 Ne4 12. f3 Nd6 13. a4 Re8 14. O-O f6 15. f4
fxe5 16. dxe5 Nf5 17. Qxd5+ Be6 18. Qf3 Qb6 19. Bc1 Nc6 20. Kh1 Rf8 21. e4 Nxe5
22. fxe5 Nd4 23. Qe3 Rxf1+ 24. Bxf1 Nb3 25. Rb1 Qa5 26. Qg5 Re8 27. Rxb3 cxb3
28. Bb5 Qxc3 29. h3 Rc8 0-1

[Event "España Tch-Primera Division Sur"]
[Site "Santa Cruz de Tenerife ESP"]
[Date "2006.08.25"]
[Round "4"]
[White "San Segundo Carrillo, Pablo"]
[Black "Perera Gonzalez, Pablo"]
[Result "1-0"]
[WhiteElo "2536"]
[BlackElo "2230"]
[PlyCount "97"]
[EventDate "2006.08.23"]
[EventType "team"]
[EventRounds "2"]
[EventCountry "ESP"]
[Source "lmi"]
[SourceDate "2006.08.23"]
[WhiteTeam "C.C. A. CAJA GENERAL AHORROS DE CANARIAS"]
[BlackTeam "C.A. EL SAUZAL - RTE MARTINEZ"]

1. d4 Nf6 2. c4 e6 3. Nc3 d5 4. Nf3 Be7 5. Bf4 O-O 6. e3 c5 7. dxc5 Bxc5 8. a3
Nc6 9. Qc2 Qa5 10. Be2 d4 11. exd4 Nxd4 12. Nxd4 Bxd4 13. Bd2 Qb6 14. O-O e5
15. Nb5 Bd7 16. Nxd4 Qxd4 17. Bc3 Qf4 18. g3 Qh6 19. h4 Rfe8 20. Rfd1 Bg4 21.
Bxg4 Nxg4 22. Qf5 Nf6 23. Bxe5 Rac8 24. Bxf6 Qxf6 25. Qxf6 gxf6 26. Rd4 Re2 27.
b4 Rc2 28. c5 Re8 29. Rad1 Ree2 30. Rf4 Rcd2 31. Rxd2 Rxd2 32. Rxf6 Rd3 33. a4
Rc3 34. a5 Kf8 35. a6 bxa6 36. Rxa6 Rc4 37. Rxa7 Rxb4 38. Rd7 Rc4 39. Rd5 Rc2
40. Kg2 Kg7 41. g4 f6 42. Kg3 Kg6 43. f3 Rc3 44. Rf5 Rc2 45. Kf4 Rh2 46. h5+
Kf7 47. g5 Rh4+ 48. Kg3 Rxh5 49. g6+ 1-0

[Event "España Tch-Primera Division Sur"]
[Site "Santa Cruz de Tenerife ESP"]
[Date "2006.08.25"]
[Round "4"]
[White "Pinto Henriquez, Rodrigo"]
[Black "Moreno Carnero, Javier"]
[Result "0-1"]
[WhiteElo "2208"]
[BlackElo "2509"]
[PlyCount "64"]
[EventDate "2006.08.23"]
[EventType "team"]
[EventRounds "2"]
[EventCountry "ESP"]
[Source "lmi"]
[SourceDate "2006.08.23"]
[WhiteTeam "C.A. EL SAUZAL - RTE MARTINEZ"]
[BlackTeam "C.C. A. CAJA GENERAL AHORROS DE CANARIAS"]

1. d4 Nf6 2. c4 g6 3. Nc3 Bg7 4. e4 d6 5. Nf3 O-O 6. Be2 Na6 7. O-O e5 8. dxe5
dxe5 9. Bg5 Qe8 10. Nd5 Nxe4 11. Be7 c6 12. Bxf8 Qxf8 13. Ne3 f5 14. Nd2 Ng5
15. Qc2 f4 16. Nd1 Bf5 17. Bd3 Nb4 18. Bxf5 Nxc2 19. Bxc2 Rd8 20. Ne4 Nxe4 21.
Bxe4 Rd4 22. Bc2 e4 23. Nc3 Rd2 24. Rac1 Bxc3 25. bxc3 Qe7 26. Rfd1 e3 27. Rxd2
exd2 28. Rf1 Qe5 29. Bb3 Qxc3 30. Rd1 Kg7 31. f3 a5 32. Kf1 a4 0-1

[Event "España Tch-Primera Division Sur"]
[Site "Santa Cruz de Tenerife ESP"]
[Date "2006.08.25"]
[Round "4"]
[White "Santos Izquierdo, Francisco Javier"]
[Black "Fernandez Gutierrez, Rafael"]
[Result "0-1"]
[WhiteElo "2314"]
[BlackElo "2218"]
[PlyCount "52"]
[EventDate "2006.08.23"]
[EventType "team"]
[EventRounds "2"]
[EventCountry "ESP"]
[Source "lmi"]
[SourceDate "2006.08.23"]
[WhiteTeam "C.A. SOCIEDAD LA DEMOCRACIA"]
[BlackTeam "C.A. CAJAGRANADA"]

1. c4 e5 2. g3 Nc6 3. Bg2 g6 4. Nc3 Bg7 5. e4 Nge7 6. Nge2 O-O 7. O-O d6 8. d3
Be6 9. Nd5 f5 10. Be3 Qd7 11. Qd2 a6 12. Rac1 Rab8 13. f3 b5 14. b3 b4 15. f4
a5 16. d4 fxe4 17. dxe5 dxe5 18. Nxe7+ Qxe7 19. fxe5 Nxe5 20. Bxe4 Ng4 21. Ba7
Rbd8 22. Rxf8+ Qxf8 23. Qf4 Qe7 24. Qf3 c5 25. Nf4 Bd4+ 26. Kg2 Ne3+ 0-1

[Event "España Tch-Primera Division Sur"]
[Site "Santa Cruz de Tenerife ESP"]
[Date "2006.08.25"]
[Round "4"]
[White "Pertiñez Soria, Juan Luis"]
[Black "Hidalgo Santana, Fernando"]
[Result "1/2-1/2"]
[WhiteElo "2170"]
[BlackElo "2234"]
[PlyCount "31"]
[EventDate "2006.08.23"]
[EventType "team"]
[EventRounds "2"]
[EventCountry "ESP"]
[Source "lmi"]
[SourceDate "2006.08.23"]
[WhiteTeam "C.A. CAJAGRANADA"]
[BlackTeam "C.A. SOCIEDAD LA DEMOCRACIA"]

1. e4 d6 2. d4 Nf6 3. Nc3 g6 4. Nge2 Bg7 5. g3 O-O 6. Bg2 e5 7. h3 c6 8. a4
Nbd7 9. O-O Re8 10. Be3 Nb6 11. dxe5 dxe5 12. Qxd8 Rxd8 13. Rfd1 Rxd1+ 14. Rxd1
Be6 15. b3 Bf8 16. f4 1/2-1/2

[Event "España Tch-Primera Division Sur"]
[Site "Santa Cruz de Tenerife ESP"]
[Date "2006.08.25"]
[Round "4"]
[White "Morales Camacho, Julian"]
[Black "Cuesta Bustos, Raul"]
[Result "1/2-1/2"]
[WhiteElo "2221"]
[BlackElo "2165"]
[PlyCount "98"]
[EventDate "2006.08.23"]
[EventType "team"]
[EventRounds "2"]
[EventCountry "ESP"]
[Source "lmi"]
[SourceDate "2006.08.23"]
[WhiteTeam "C.A. SOCIEDAD LA DEMOCRACIA"]
[BlackTeam "C.A. CAJAGRANADA"]

1. e4 e6 2. d4 d5 3. e5 c5 4. c3 Nc6 5. Nf3 Qb6 6. a3 c4 7. Nbd2 Na5 8. Rb1 Bd7
9. b4 cxb3 10. c4 dxc4 11. Nxc4 Nxc4 12. Bxc4 Ba4 13. O-O Ne7 14. Ng5 Rc8 15.
Qd3 Rxc4 16. Qxc4 Bb5 17. Qxb3 Bxf1 18. Kxf1 Qxb3 19. Rxb3 b6 20. Rf3 Nf5 21.
d5 h6 22. Nxf7 Kxf7 23. g4 exd5 24. gxf5 Bc5 25. Rd3 Rd8 26. Ke2 Ke7 27. Rg3
Kf7 28. Rg6 d4 29. Kd3 Rc8 30. Bb2 Rc7 31. a4 Rc8 32. h4 h5 33. f4 Rd8 34. Rc6
Be7 35. Rc7 Kf8 36. Rxa7 Bxh4 37. Ba3+ Kg8 38. f6 gxf6 39. e6 f5 40. e7 Re8 41.
Kxd4 Bf6+ 42. Kd5 Kf7 43. Rb7 Bxe7 44. Bxe7 Rxe7 45. Rxb6 Ra7 46. Ke5 Rxa4 47.
Kxf5 Ra5+ 48. Ke4 Ra4+ 49. Kf3 Ra3+ 1/2-1/2

[Event "España Tch-Primera Division Sur"]
[Site "Santa Cruz de Tenerife ESP"]
[Date "2006.08.25"]
[Round "4"]
[White "Gonzalez Marrero, Jacobo"]
[Black "Matamoros Franco, Carlos S"]
[Result "0-1"]
[WhiteElo "2303"]
[BlackElo "2544"]
[PlyCount "82"]
[EventDate "2006.08.23"]
[EventType "team"]
[EventRounds "2"]
[EventCountry "ESP"]
[Source "lmi"]
[SourceDate "2006.08.23"]
[WhiteTeam "C.A. AKFUR BUBAQUE COTELEC"]
[BlackTeam "CLUB AJEDREZ LAURUS RONDA"]

1. d4 Nf6 2. Nf3 g6 3. c4 Bg7 4. Nc3 O-O 5. e4 d6 6. Be2 e5 7. O-O Nc6 8. d5
Ne7 9. b4 Kh8 10. c5 Nh5 11. Re1 f5 12. cxd6 cxd6 13. Nd2 Nf6 14. a4 fxe4 15.
Ndxe4 Nexd5 16. Nxd5 Nxe4 17. Bf3 Nf6 18. Bg5 Be6 19. Bxf6 Bxf6 20. Be4 Bg5 21.
a5 Rc8 22. Qd3 Qd7 23. Rad1 Qf7 24. f3 Rfd8 25. g3 Bh6 26. Kg2 Rc6 27. Re2 Rdc8
28. Ra1 Rc4 29. a6 bxa6 30. Ra5 Rd4 31. Qxa6 Rf8 32. Qxd6 Rxe4 33. Qxf8+ Qxf8
34. Rxe4 Bg7 35. Rc5 Qd8 36. Nc3 h5 37. h4 Qd3 38. Kf2 Bf5 39. Re3 Qd2+ 40. Re2
Qd4+ 41. Re3 Bh6 0-1

[Event "España Tch-Primera Division Sur"]
[Site "Santa Cruz de Tenerife ESP"]
[Date "2006.08.25"]
[Round "4"]
[White "Alonso, Rene"]
[Black "Rodriguez Vera, Gregorio"]
[Result "1-0"]
[WhiteElo "2380"]
[BlackElo "2162"]
[PlyCount "151"]
[EventDate "2006.08.23"]
[EventType "team"]
[EventRounds "2"]
[EventCountry "ESP"]
[Source "lmi"]
[SourceDate "2006.08.23"]
[WhiteTeam "CLUB AJEDREZ LAURUS RONDA"]
[BlackTeam "C.A. AKFUR BUBQUE COTELEC"]

1. d4 Nf6 2. Nf3 c5 3. d5 e6 4. Nc3 exd5 5. Nxd5 Nxd5 6. Qxd5 Nc6 7. c3 d6 8.
Ng5 Qf6 9. g3 h6 10. h4 Qf5 11. Qxf5 Bxf5 12. Nh3 d5 13. Bg2 O-O-O 14. O-O Be4
15. f3 Bh7 16. Rd1 d4 17. e4 f5 18. Nf4 dxc3 19. Rxd8+ Kxd8 20. bxc3 Bd6 21.
Be3 Ke7 22. exf5 Bxf5 23. g4 Bh7 24. Rd1 Rd8 25. Nd5+ Kf8 26. f4 Na5 27. f5 Nc4
28. Bf2 b6 29. Nf4 Bg8 30. g5 hxg5 31. hxg5 Bf7 32. g6 Bg8 33. Bh4 Re8 34. Nd5
Be5 35. f6 gxf6 36. Nxf6 Bxf6 37. Bxf6 Ne3 38. Rd7 Be6 39. Rh7 Nxg2 40. Kxg2
Bg8 41. Kg3 Re6 42. Bg7+ Ke8 43. Rh6 Kd7 44. Kf4 Re8 45. Rh2 b5 46. a3 a5 47.
Be5 b4 48. Rd2+ Kc6 49. a4 c4 50. Rd6+ Kc5 51. Rd7 b3 52. Rb7 Kc6 53. Rb5 Ra8
54. Kf5 Rf8+ 55. Kg5 Re8 56. Kf6 Ra8 57. Bf4 Kd7 58. Bc1 Kc6 59. Ba3 Kd7 60.
Kg7 Be6 61. Rb7+ Kc6 62. Re7 Bd5 63. Re2 Rb8 64. Rf2 Be6 65. Rd2 Bd5 66. Kf6
Re8 67. g7 Bg8 68. Kg6 Re6+ 69. Kf5 Re8 70. Rd4 Kb7 71. Kf4 Re1 72. Rd8 Rf1+
73. Ke5 Re1+ 74. Kf4 Be6 75. Re8 Rf1+ 76. Kg5 1-0

[Event "España Tch-Primera Division Sur"]
[Site "Santa Cruz de Tenerife ESP"]
[Date "2006.08.25"]
[Round "4"]
[White "Villavicencio Martinez, Carlos Luis"]
[Black "Perez Pardo, Juan Carlos"]
[Result "1/2-1/2"]
[WhiteElo "2157"]
[BlackElo "2330"]
[PlyCount "68"]
[EventDate "2006.08.23"]
[EventType "team"]
[EventRounds "2"]
[EventCountry "ESP"]
[Source "lmi"]
[SourceDate "2006.08.23"]
[WhiteTeam "C.A. AKFUR BUBAQUE COTELEC"]
[BlackTeam "CLUB AJEDREZ LAURUS RONDA"]

1. Nf3 d5 2. c4 d4 3. g3 Nc6 4. Bg2 e5 5. d3 Be7 6. O-O Nf6 7. e3 O-O 8. exd4
exd4 9. Bg5 h6 10. Bxf6 Bxf6 11. Na3 Bf5 12. Nc2 a5 13. a3 a4 14. Nb4 Na5 15.
Rb1 Re8 16. Re1 Rxe1+ 17. Nxe1 c6 18. Nf3 Nb3 19. Nd2 Nc5 20. Qe2 Qe7 21. Qxe7
Bxe7 22. Re1 Kf8 23. Ne4 Nxe4 24. Bxe4 Bxb4 25. axb4 Re8 26. f4 b5 27. c5 Bd7
28. Kf2 Ra8 29. Ra1 Ke7 30. Ke2 Kd8 31. Kd2 Kc7 32. Kc2 Re8 33. Kd2 Be6 34. Re1
Ra8 1/2-1/2

[Event "España Tch-Primera Division Sur"]
[Site "Santa Cruz de Tenerife ESP"]
[Date "2006.08.25"]
[Round "4"]
[White "Naranjo Moreno, Antonio"]
[Black "Trujillo Delgado, Dafnae Lorena"]
[Result "1-0"]
[WhiteElo "2256"]
[BlackElo "2164"]
[PlyCount "73"]
[EventDate "2006.08.23"]
[EventType "team"]
[EventRounds "2"]
[EventCountry "ESP"]
[Source "lmi"]
[SourceDate "2006.08.23"]
[WhiteTeam "CLUB AJEDREZ LAURUS RONDA"]
[BlackTeam "C.A. AKFUR BUBAQUE COTELEC"]

1. e4 c5 2. Nf3 d6 3. d4 cxd4 4. Nxd4 Nf6 5. Nc3 a6 6. Bg5 e6 7. f4 Qc7 8. Qf3
b5 9. O-O-O Bb7 10. Bd3 Nc6 11. Nxc6 Bxc6 12. Rhe1 Be7 13. Bxf6 gxf6 14. Qh5
Qb7 15. Rd2 b4 16. Nd5 Bd8 17. Qh6 Bxd5 18. exd5 Qxd5 19. Be4 Qxa2 20. Rxd6 Rc8
21. Qg7 Ke7 22. Bd5 Qa1+ 23. Kd2 Qxe1+ 24. Kxe1 Kxd6 25. Qxh8 exd5 26. Qf8+ Kc6
27. Qxf7 Bc7 28. Qe6+ Kb7 29. Qxd5+ Kb8 30. Qc6 b3 31. c3 a5 32. Qb5+ Ka7 33.
Qxb3 Bxf4 34. Qf7+ Rc7 35. Qxf6 Bxh2 36. Qf2+ Ka6 37. g3 1-0

[Event "España Tch-Primera Division Sur"]
[Site "Santa Cruz de Tenerife ESP"]
[Date "2006.08.25"]
[Round "4"]
[White "Cano Sanchez, Josue"]
[Black "Cabezas Ayala, Ivan"]
[Result "1/2-1/2"]
[WhiteElo "2273"]
[BlackElo "2337"]
[PlyCount "93"]
[EventDate "2006.08.23"]
[EventType "team"]
[EventRounds "2"]
[EventCountry "ESP"]
[Source "lmi"]
[SourceDate "2006.08.23"]
[WhiteTeam "C.A. TOTANA"]
[BlackTeam "C.A. MAGIC B"]

1. d4 Nf6 2. Nf3 g6 3. Bg5 Bg7 4. c3 O-O 5. Nbd2 d6 6. e4 Nbd7 7. Be2 e5 8.
dxe5 Nxe5 9. Nxe5 dxe5 10. O-O Qe7 11. Re1 Re8 12. Qc2 b6 13. b4 Bb7 14. Bf1 h6
15. Bh4 Qf8 16. f3 Nh5 17. Bb5 c6 18. Bf1 Bf6 19. Bf2 Nf4 20. a4 Ne6 21. Nc4
Nc7 22. a5 b5 23. a6 Bxa6 24. Na5 Re6 25. Nb3 Ree8 26. Ra3 Bc8 27. Rxa7 Rxa7
28. Bxa7 Ne6 29. Rd1 Qe7 30. Bb6 Qb7 31. Qf2 Bh4 32. g3 Bd8 33. Be3 Bg5 34. Ra1
Rd8 35. Bb6 Re8 36. Ra7 Qb8 37. Ra1 Bd8 38. Be3 Bg5 39. Na5 Qd6 40. Be2 Bxe3
41. Qxe3 Kg7 42. Rd1 Qc7 43. Nb3 Rd8 44. Rxd8 Qxd8 45. Nc5 Qd6 46. Nd3 Bd7 47.
Bf1 1/2-1/2